1953 1277 1230 1713 1459 1397 1420 1531 1096 1759 1436 1494 1324 1032 1046 1604 1338 1712 1495 1620 1509 1251 1150 1094 1920 1482 1655 1578 1887 1313 1253 1932 1799 1160 1067 1248 1798 1505 1282 1193 1453 1556 1653 1086 1744 1472 1316 1589 1046 1408 1529 1690 1154 1274 1796 1638 1143 1357 1327 1335 1843 1068 1210 1273 1406 1371 1337 1261 1257 1929 1003 1301 1760 1943 1101 1158 1085 1102 1885 1553 1057 1226 1986 1886 1023 1295 1380 1173 1255 1226 1395 1301 1612 1776 1780 1788 1253 1231 1502 BCNSPRNW ULIB Ver.6.0+V

เปลี่ยนเป็นภาษาไทย

Change to English
 แสดงรายละเอียดบรรณานุกรม
  กลับหน้าหลัก

Brief Record : Get Marc (ISO 2709) : E-mail record : QR code < ปิดหน้าต่าง
LEADER : 00000nam 2200000uu 4500
001    13399119955
003     ULIB
008    120815s2549||||th 000 0 tha d
020    ^a9789748821511
060 04 ^aWB100^bอ223ร
100 0  ^aอนุวัฒน์ เลิศวงศ์
245 10 ^aรู้จักโรครักษาโรคป้องกันโรค /^cอนุวัฒน์ เลิศวงศ์
260    ^aกรุงเทพฯ :^bบ้านหนังสือ 19,^c2549
300    ^a262 หน้า ;^c21 ซม.
650  7 ^aโรค^xการรักษา
650  7 ^aโรค^xการป้องกันและควบคุม
945    ^p0^l0^i14245
995    ^aทศพร
999    ^aทศพร เกษรทอง
รายการนี้ยังไม่มีแท็ก
คุณยังไม่ได้ล็อกอิน คุณสามารถมีกิจกรรมร่วมกับเว็บไซต์ได้ แต่ต้องล็อกอินก่อน ::
  ล็อกอิน

รายการสื่อสารสนเทศ

ลำดับที่ ประเภท เลขเรียก/บาร์โค้ด สถานที่ สถานะ
- ไม่พบข้อมูล -

รายการใกล้เคียง
    หัวเรื่อง [โรค การรักษา]

BibComment


ยังไม่เคยถูกคอมเมนท์

คอมเมนท์ทรัพยากรรายการนี้
  คอมเมนท์: รู้จักโรครักษาโร..


 Copyright 2026. Bcnsprnw @Library